All About Network Directories: (Record no. 36110)

MARC details
000 -LEADER
fixed length control field 00517nam a22001697a 4500
005 - DATE AND TIME OF LATEST TRANSACTION
control field 20240712111340.0
008 - FIXED-LENGTH DATA ELEMENTS--GENERAL INFORMATION
fixed length control field 240712b |||||||| |||| 00| 0 eng d
020 ## - INTERNATIONAL STANDARD BOOK NUMBER
ISBN 9780471333630
082 ## - DEWEY DECIMAL CLASSIFICATION NUMBER
Classification number 658.0557
Item number KAM-A
100 ## - MAIN ENTRY--AUTHOR
Author Name kampman, Kevin
245 ## - TITLE STATEMENT
Title All About Network Directories:
Remainder of title Understanding Directory Services and Business Applications /
Statement of responsibility, etc. Christina Kampman
260 ## - PUBLICATION, DISTRIBUTION, ETC.
Place of Publication India:
Name of publisher, distributor, etc. Wiley;
Date of publication, distribution, etc. 2000.
300 ## - PHYSICAL DESCRIPTION
Pages 249 p. :
500 ## - GENERAL NOTE
General note include index.
650 ## - SUBJECT ADDED ENTRY--TOPICAL TERM
Subject / Department Networking
300 ## - PHYSICAL DESCRIPTION
-- ill;
-- 23 cm.
952 ## - LOCATION AND ITEM INFORMATION (KOHA)
-- 0
-- 0
Holdings
Lost status Damaged status Collection code Permanent Location Current Location Shelving Location Date acquired Full Call Number Accession No./Barcode Date last seen item type Koha item type
    CS/IT Superior Information Resource Center (SIRC) Superior University- Gold Campus Superior Information Resource Center (SIRC) Superior University- Gold Campus Networking 07/12/2024 658.0557 KAM-A 2000 17765 07/12/2024 BOOK BOOK

Powered by Koha